Регионална библиотека "Любен Каравелов" - Русе

До СтрасТбург и назад (Запис номер 69555)

MARC детайли
000 -Лидер
Контролно поле с фиксирана дължина 01269nam a2200325 c 4500
003 - Код на организацията, давaща контролен номер
Контролно поле BLK
005 - Дата и час на последна редакция
Контролно поле 20211220172352.0
008 - Елементи от данни с фиксирана дължина
fixed length control field 180408b bul|||||r ||||||| ||bul||
010 ## - Наследен системен номер
LC control number KNG00073903000
020 ## - Международен стандартен номер на книга ISBN
Международен стандартен номер на книга ISBN 954-9978-62-1
-- издат.: Жельо Учков
020 ## - Международен стандартен номер на книга ISBN
Международен стандартен номер на книга ISBN 978-954-9978-62-9
-- издат.: Жельо Учков
040 ## - Източник на каталожния запис
Идентификатор на билиотеката - собственик на записа BLK
041 ## - Код за език
Код за езика на текст/звукозапис или на отделно заглавие Български
Код за езика КДБФ Български
080 ## - УДК
Текстов определител УДК Българска литература
УДК код - определител по УДК 821.163.2
УДК определител -312.6
УДК - код + определител 821.163.2-312.6
100 1# - Редна дума - Автор
Автор Стоянов, Христо Недков
Авторска отговорност първи автор
R(LIN) 286475
139 ## - Редно поле
Редна дума Стоянов, Христо Недков
Авторски знак Стоя - С 83
245 10 - Сведения за заглавието
Заглавие До СтрасТбург и назад
Подзаглавни данни Агресивен роман за едно липсващо поколение
Редно поле (дума) Христо Недков Стоянов.
250 ## - Област на изданието
Сведения за изданието 4. изд.
257 ## - Страна на издаване
Страна на създаване/издаване България
260 ## - Област на издателските данни
-- Ямбол
Име на издателя, разпространителя и проч. Жельо Учков
Година на издаване 2006
300 ## - Физическа характеристика
Страници 273 с.
Размери/Мащаб 20 см
380 ## - Жанр
Жанр Худож. лит.
500 ## - Общи забележки
Забележка 1. изд. 2002 на изд. Илинда-Ефтимов. - Офс. изд.
653 ## - Ключова дума – ненормативна
Ключова дума романи
852 ## - Местоположение
Форматна сигнатура Цб 233067
856 4# - Електронен адрес и достъп
Електронен формат pdf - файл
Път до файла /url/
856 4# - Електронен адрес и достъп
Електронен формат pdf - файл
Път до файла /url/
942 ## - АРТИКУЛИ
Вид на библиотечния материал Книги
Скрит в OPAC Не
Koha issues (borrowed), all copies 3
944 ## - СЪЗДАВАНЕ И РЕДАКЦИЯ на ЗАПИСА
Създаване/Редакция Създаване
Дата на регистрацията/редакция 11.04.2007
Статус, дата на статуса ф /
Служител, извършил регистрацията/редакцията Валя_Йорданова
944 ## - СЪЗДАВАНЕ И РЕДАКЦИЯ на ЗАПИСА
Създаване/Редакция Редакция
Дата на регистрацията/редакция 12.05.2017
Статус, дата на статуса ф /
Служител, извършил регистрацията/редакцията Людмила_Стоянова
999 ## - СИСТЕМНИ КОНТРОЛНИ НОМЕРА
Koha biblionumber 69555
Koha biblioitemnumber 69555
Наличности
Код за отписване Код за изгубен артикул Код за повреда Коз за рестрикции Код за отдаване Артикулен № Име на библиотеката - собственик Име на библиотеката, в която се намира в момента Статус (Текущо местоположение) Дата на вписване в системата Местоположение - отдел Цена в лева Инвентарен номер Систематично азбучна сигнатура Баркод Номер на екземпляра Цена в евро Служебна бележка Служебен тип на артикула
  Не е изгубен Не е повреден без рестрикции ползва се в читалня 114088 Регионална библиотека "Любен Каравелов" Русе Регионална библиотека "Любен Каравелов" Русе Хранилище 2007-04-12 Хранилище 8.99 120000712313 Цб 233067 120000712313 1 4.60 Дост: Dp Вид: Д N: 38 Дата: 23.08.2006 Книги
  Не е изгубен Не е повреден без рестрикции заемане за дома 114089 Регионална библиотека "Любен Каравелов" Русе Регионална библиотека "Любен Каравелов" Русе Заемна - подръчен фонд 2017-05-04 Заемна - подръчен фонд 9.00 120000810566 П 886.7-31/С 83 120000810566 2 4.60 Дост: DA Вид: А N: 19 Дата: 04.05.2017 Дата инв: 12.02.2018 Бележки инв: П2018 Книги
Vip Innovations Ltd, Rousse, Bulgaria 2025